| 000 | 00931nam a22003377a 4500 | ||
|---|---|---|---|
| 001 | BR2011001573 | ||
| 003 | BR-BrBNA | ||
| 005 | 20230928103509.0 | ||
| 007 | ta | ||
| 008 | 230509b bl.||||| |||| 00| 0 por d | ||
| 040 |
_aBR-BrBNA _bpor _cBiblioteca Nacional de Agricultura |
||
| 041 | _a(Por) | ||
| 072 |
_aL01 _b6100 _b9600 |
||
| 090 | _ 6100 BR2011001573 | ||
| 110 | 1 |
_aFundação APINCO de Ciência e Tecnologia Avícolas, Campinas, SP (Brasil) _95081 |
|
| 245 | 1 | _aManejo da incubação | |
| 260 | 3 |
_aCampinas, SP (Brasil): _c1994. |
|
| 300 | _a196 p. | ||
| 500 | _a80 tables; Several bibliography; 29 illus. | ||
| 650 | _aAVICULTURA | ||
| 650 | _aINCUBAÇÃO | ||
| 650 | _aMANEJO | ||
| 650 | _aINCUBADEIRA | ||
| 650 | _aVENTILAÇÃO | ||
| 650 | _aHIGIENE | ||
| 650 | _aEMBRIÃO ANIMAL | ||
| 650 | _aALOJAMENTO | ||
| 650 | _aMORTALIDADE ANIMAL | ||
| 909 |
_a202309 _bLucia _c55 _dLucia Elande |
||
| 942 | _cBK | ||
| 999 |
_c75365 _d75365 |
||